| 000 | 00972nam0a22002411 4500 | ||
|---|---|---|---|
| 001 | rc\2633178 | ||
| 005 | 20250623150404.0 | ||
| 035 | _a(NLR Aleph) 006796595 | ||
| 090 |
_a6199565 _c6199565 |
||
| 100 | _a20110914d1932 |||y0rusy50 ca | ||
| 101 | 0 | _arus | |
| 102 | _aRU | ||
| 105 | _aa z ||||| | ||
| 200 | 1 |
_aКрепим колхозы _e(Из практики орг-ции труда и массовой работы в передовых колхозах Сев. Кавказа) _fА. В. Дудников |
|
| 210 |
_a[Москва] _cСельколхозгиз - Крест. газ. _d1932 _g18 тип. треста "Полиграфкнига" |
||
| 215 |
_aОбл., 16 с. _cдиагр. _d21х15 см. |
||
| 225 | 1 | _aБиблиотека колхозного опыта | |
| 700 | 1 |
_aДудников _bА.В. _gАлексей Васильевич |
|
| 801 | 0 |
_aRU _bNLR _gpsbo |
|
| 801 | 1 |
_aRU _bELAR _2rusmarc |
|
| 852 |
_aNLR _j32-10/6137 |
||
| 942 | _cBOOK | ||
| 980 | _aNB | ||